Fuel and fuel elements for fast reactors : (Record no. 14560)
[ view plain ]
| 000 -LEADER | |
|---|---|
| fixed length control field | 00942cam a2200253 4500 |
| 001 - CONTROL NUMBER | |
| control field | 14560 |
| 003 - CONTROL NUMBER IDENTIFIER | |
| rucl marc code | BD-RjUL |
| 005 - DATE AND TIME OF LATEST TRANSACTION | |
| control field | 20211208235642.0 |
| 008 - FIXED-LENGTH DATA ELEMENTS--GENERAL INFORMATION | |
| fixed length control field | 140206s1974 au a b i100 0 eng |
| 035 ## - SYSTEM CONTROL NUMBER | |
| System control number | (BD-RjUL)14613 |
| 040 ## - CATALOGING SOURCE | |
| Original cataloging agency | DLC |
| Transcribing agency | DLC |
| Modifying agency | DLC |
| -- | BD-RjUL |
| Language of cataloging | eng |
| 041 0# - LANGUAGE CODE | |
| Language code of text/sound track or separate title | engfrerus |
| 082 00 - DEWEY DECIMAL CLASSIFICATION NUMBER | |
| Classification number | 621.48335 |
| Author mark and year | INF 1974 |
| Edition number | 23 |
| 245 10 - TITLE STATEMENT | |
| Title | Fuel and fuel elements for fast reactors : |
| Remainder of title | Proceedings of a Symposium / |
| Statement of responsibility, etc. | held by the International Atomic Energy Agency in Brussels, 2-6 July 1973. |
| Number of part/section of a work | Volume 1 |
| 260 ## - PUBLICATION, DISTRIBUTION, ETC. (IMPRINT) | |
| Place of publication, distribution, etc. | Vienna : |
| Name of publisher, distributor, etc. | International Atomic Energy Agency, |
| Date of publication, distribution, etc. | 1974. |
| 300 ## - PHYSICAL DESCRIPTION | |
| Pagination | 406 p. : |
| Illustrations | illus. ; |
| Size | 24 cm. |
| 490 1# - SERIES STATEMENT | |
| Series statement | International Atomic Energy Agency. Proceedings series |
| 504 ## - BIBLIOGRAPHY, ETC. NOTE | |
| Bibliography, etc | Includes bibliographical references. |
| 505 0# - FORMATTED CONTENTS NOTE | |
| Formatted contents note | Vol. 1---Vol.2---- |
| 650 #0 - SUBJECT ADDED ENTRY--TOPICAL TERM | |
| Topical term or geographic name as entry element | Nuclear fuels |
| General subdivision | Congresses. |
| 9 (RLIN) | 45400 |
| Topical term or geographic name as entry element | Nuclear fuel elements |
| General subdivision | Congresses. |
| 9 (RLIN) | 45401 |
| Topical term or geographic name as entry element | Fast reactors |
| General subdivision | Congresses. |
| 9 (RLIN) | 45402 |
| 942 ## - ADDED ENTRY ELEMENTS (KOHA) | |
| Source of classification or shelving scheme | Dewey Decimal Classification |
| Koha item type | Books |
| Lost status | Source of classification or shelving scheme | Damaged status | Not for loan | Collection code | Permanent Location | Current Location | Shelving location | Date acquired | Source of acquisition | Total Checkouts | Full call number | Date last seen | Copy number | Koha item type |
|---|---|---|---|---|---|---|---|---|---|---|---|---|---|---|
| Dewey Decimal Classification | Not For Loan | Non-fiction | Central Library, University of Rajshahi | Central Library, University of Rajshahi | Reading Room | 08/12/1977 | Internatoinal Automic Energy Agency | 621.48335 INF V-1 1974 | 06/02/2014 | C-1 | Books | |||
| Dewey Decimal Classification | Not For Loan | Non-fiction | Central Library, University of Rajshahi | Central Library, University of Rajshahi | Reading Room | 08/12/1977 | International Atomic energy agency | 621.48335 INF V-2 1974 | 04/06/2017 | C-1 | Books |